000 00505nam a2200133Ia 4500
008 171212s9999 xx 000 0 und d
020 _a9781921666520
100 _aLal, Brij V.
245 _cLal, Brij V.
_aIn the Eye of the Storm
_bJai Ram Reddy and the Politics of Postcolonial Fiji
260 _bANU E Press
_c2010
650 _aPolitical Science
650 _aReddy, Jai Ram, 1937-; Fiji -- Politics and government -- 20th century; Fiji -- History
856 _uwww.jstor.org/stable/10.2307/j.ctt24hctv
999 _c351151
_d351151